00403nam a2200157Ia 4500008004000000082001500040100001900055245004900074260004700123300001000170650001500180650001400195650001500209650000800224650001300232210210b1997 xxu||||| |||| 00| 0 eng d a332.6 AVAS aAVADHANI (V A) aSecurities analysis and portfolio management aBangalorebHimalaya Publishing Housec1997 ax,398 aSecurities aportfolio amanagement aand aanalysis